Personas favoritas. Unlibro sobre la amistad cuando dejamos de ser niños.

Kaydedildi:
Detaylı Bibliyografya
Yazar: Pavez, Ed (autor)
Diğer Yazarlar: Frannerd
Materyal Türü: Kitap
Baskı/Yayın Bilgisi: Santiago, Chile: Ediciones SM Chile S.A., 2017.
Edisyon:Segunda edición.
Konular:
Etiketler: Etiketle
Etiket eklenmemiş, İlk siz ekleyin!

MARC

LEADER 00000nam a22000007a 4500
003 CL-VaPUC
005 20250321101919.0
008 250114t2017 ||||| |||| 00| 0 eng d
999 |c 446504  |d 446502 
020 |a 978-956-363-226-2 
040 |c Pontificia Universidad Católica de Valparaíso 
082 7 |a 741.5983 PAV 2017  |2 22 
100 1 |a Pavez, Ed  |e autor  |9 895381 
245 |a Personas favoritas.  |b Unlibro sobre la amistad cuando dejamos de ser niños.  
250 |a Segunda edición.  
260 |a Santiago, Chile:  |b Ediciones SM Chile S.A.,   |c 2017. 
300 |a Sin paginación :   |b ilustraciones  
500 |a c.1. Instituto Arcos 8-1-2025. 
583 |c 20250114  |k GC 
650 0 |a Libros ilustrados   |9 871919  |x Literatura infantil   |z Chile 
700 |a Frannerd  |9 895382 
942 |2 ddc  |c BK  |n 0 
952 |0 0  |1 0  |2 ddc  |4 0  |6 741_598300000000000_PAV_2017  |7 0  |8 A  |9 599276  |a BIBINC  |b BIBINC  |d 2025-01-14  |e Instituto Arcos   |i 5664329  |o 741.5983 PAV 2017  |p 5664329  |r 2025-01-14  |t 1  |w 2025-01-14  |y BK  |k IFP